000 00764nam a22002057a 4500
999 _c11378
_d11378
003 AR-CdUCM
008 190403b ||||| |||| 00| 0 spa d
040 _aMUNICIPALIDAD PROVINCIAL DEL CUSCO
_cBIBLIOTECA MUNICIPAL DEL CUSCO
082 _a869.56 /
_bM26 /1987
100 _aMariátegui, José Carlos,
_928705
245 _aEscritos juveniles :
_ba edad de piedra /
260 _aLima :
_bAmauta S A.,
_c1987
300 _a306 paginas ;
_c21 cm.
505 _aContenido : t.1 : A Tórtola Valencia -- Afirmacion -- Coloquio sentimental -- Ditirambo elegante -- El fragil misterio de una rosa blanca -- Elogio...
650 _aEnsayos peruanos
_9233
650 _aPoesías peruanas
_91481
650 _aSiglo XX.
_98
942 _2ddc
_cLIBROS
945 _awnts